Qui es nega a fer malbé el seu cervell amb l'èxtasi [Objecte] : controla controla
Publicado:
Barcelona :
Diputació de Barcelona. Àrea d'Atenció a les Persones. Centre de prevenció i intervenció en drogodependències. SPOTT ,
2012
Descripción Física:
1 punt de llibre ; 6 x 20 cm
Materias:
Punts de llibre
MARC
| LEADER | 00000nrm a2200000 a 4500 | ||
|---|---|---|---|
| 001 | 23474 | ||
| 003 | Arxiu | ||
| 005 | 20260324180016.0 | ||
| 008 | 160829s2012 spc xx 000 0 cat d | ||
| 080 | |a NBM-4-23 | ||
| 245 | |a Qui es nega a fer malbé el seu cervell amb l'èxtasi [Objecte] : |b controla | ||
| 260 | |a Barcelona : |b Diputació de Barcelona. Àrea d'Atenció a les Persones. Centre de prevenció i intervenció en drogodependències. SPOTT, |c 2012 | ||
| 300 | |a 1 punt de llibre ; |c 6 x 20 cm | ||
| 655 | 0 | |a Punts de llibre |9 52700 | |
| 710 | 1 | |a Barcelona (Catalunya : Província). |b Centre de Prevenció i Intervenció en Drogodependències SPOTT |9 52862 | |
| 901 | |a Arxiu | ||
| 942 | |n 1 |2 udc | ||
| 952 | |0 0 |1 0 |4 0 |6 NBM423 |7 1 |9 51567 |a Arxiu |b Arxiu |d 2012-07-06 |l 0 |o NBM-4-23 |p 23474 |r 2016-12-01 00:00:00 |w 2016-12-01 |y ARXIU | ||
| 999 | |c 55412 |d 55412 | ||